000 00445nam a2200169Ia 4500
003 LK-CoDNM
008 010623t2011 xxu||||| |||| 00| 1 sin d
040 _aLK-CoDNM
_dLK-CoDNM
_eLK-CoDNM
041 _asin
080 _a294.3 SAM
100 _aSamarawicrama,Saliya
245 _aජීවිතයේ ආශ්චර්ය
246 _aJeevithaye Ashcharya
260 _bSahanodaya
_aIbulgoda
_c2011
300 _b110, 21 cm
942 _cBK
999 _c131036
_d131036